[Event "RUS-chT U26"]
[Site "Belgorod"]
[Date "2008.10.13"]
[Round "9"]
[White "Statsenko, Viktor"]
[Black "Papin, Vasily"]
[Result "0-1"]
[WhiteElo "2210"]
[BlackElo "2455"]
[PlyCount "96"]
[EventDate "2008.10.05"]
[EventType "team"]
[EventRounds "9"]
[EventCountry "RUS"]
[SourceTitle "EXT 2010"]
[Source "ChessBase"]
[SourceDate "2010.11.25"]
[SourceVersion "1"]
[SourceVersionDate "2010.11.25"]
[SourceQuality "1"]

1. c4 e6 2. b3 d5 3. d4 dxc4 4. bxc4 c5 5. e3 Nf6 6. Nf3 cxd4 7. exd4 Bb4+ 8. Bd2 Bxd2+ 9. Qxd2 Ne4 10. Qb2 Qa5+ 11. Nbd2 b6 12. Bd3 Bb7 13. 0-0 Nxd2 14. Nxd2 0-0 15. Be4 Bxe4 16. Nxe4 Nc6 17. Rfd1 Rfd8 18. Rac1 Qf5 19. f3 Ne7 20. Qa3 Rd7 21. c5 Rad8 22. Nd6 Qd5 23. Nc4 bxc5 24. dxc5 Qxd1+ 25. Rxd1 Rxd1+ 26. Kf2 R1d7 27. Nd6 Nf5 28. Nxf5 exf5 29. c6 Rc7 30. Kg3 h6 31. h4 Rb8 32. Qd6 Rbc8 33. Qa3 Rxc6 34. Qxa7 Rg6+ 35. Kf4 Rxg2 36. Kxf5 Rc3 37. f4 Rcc2 38. a4 h5 39. a5 Rce2 40. Qa8+ Kh7 41. Qf8 Re6 42. Qxf7 Rf6+ 43. Qxf6 gxf6 44. Kxf6 Ra2 45. f5 Rxa5 46. Kg5 Kg7 47. Kxh5 Rxf5+ 48. Kg4 Ra5 0-1

[Event "RUS-chT U26"]
[Site "Belgorod"]
[Date "2008.10.10"]
[Round "6"]
[White "Gorbunova, Alexandra"]
[Black "Statsenko, Viktor"]
[Result "0-1"]
[WhiteElo "2065"]
[BlackElo "2210"]
[PlyCount "78"]
[EventDate "2008.10.05"]
[EventType "team"]
[EventRounds "9"]
[EventCountry "RUS"]
[SourceTitle "EXT 2010"]
[Source "ChessBase"]
[SourceDate "2010.11.25"]
[SourceVersion "1"]
[SourceVersionDate "2010.11.25"]
[SourceQuality "1"]

1. d4 d5 2. c4 c6 3. cxd5 cxd5 4. Nc3 Nc6 5. e3 a6 6. a3 Nf6 7. Bd3 Bg4 8. Qc2 e6 9. Nge2 Bd6 10. h3 Bh5 11. 0-0 0-0 12. f4 Rc8 13. Bd2 Na5 14. Be1 Nc4 15. Bf2 Bg6 16. Bxg6 hxg6 17. Ng3 b5 18. Rfc1 Qe7 19. Qe2 Rc7 20. Be1 Rfc8 21. Nd1 Nd7 22. Nf2 g5 23. Nd3 Qf6 24. Nh5 Qh6 25. Ne5 gxf4 26. Nxd7 Rxd7 27. b3 Nb6 28. Rxc8+ Nxc8 29. Rc1 Ne7 30. exf4 Bxf4 31. Rc3 Rc7 32. Nxf4 Rxc3 33. Bxc3 Qxf4 34. a4 Qc1+ 35. Qe1 Qc2 36. axb5 axb5 37. Bb4 Nf5 38. Qc3 Qd1+ 39. Kh2 Qxd4 0-1

[Event "RUS-chT U26"]
[Site "Belgorod"]
[Date "2008.10.06"]
[Round "2"]
[White "Isajevsky, Anton"]
[Black "Statsenko, Viktor"]
[Result "1-0"]
[WhiteElo "2420"]
[BlackElo "2210"]
[PlyCount "75"]
[EventDate "2008.10.05"]
[EventType "team"]
[EventRounds "9"]
[EventCountry "RUS"]
[SourceTitle "EXT 2010"]
[Source "ChessBase"]
[SourceDate "2010.11.25"]
[SourceVersion "1"]
[SourceVersionDate "2010.11.25"]
[SourceQuality "1"]

1. c4 c6 2. Nf3 d5 3. e3 Nf6 4. Nc3 e6 5. b3 Nbd7 6. Bb2 Bd6 7. Qc2 0-0 8. Be2 Re8 9. 0-0 Qe7 10. Rae1 b6 11. cxd5 exd5 12. Nd4 Bb7 13. Nf5 Qe6 14. Nxd6 Qxd6 15. d4 Rac8 16. Rd1 Ne4 17. Na4 Re6 18. Bd3 Rh6 19. h3 Re8 20. Bc1 Ndf6 21. f3 Qg3 22. fxe4 dxe4 23. Rxf6 gxf6 24. Bxe4 Rxh3 25. Nb2 Qh2+ 26. Kf2 Qg3+ 27. Ke2 f5 28. Bf3 Rh2 29. Qxf5 Rxg2+ 30. Bxg2 Qxg2+ 31. Qf2 Qg4+ 32. Qf3 Qd7 33. Nc4 c5 34. Qg3+ Kf8 35. dxc5 Qf5 36. c6 Qc2+ 37. Ke1 Qc3+ 38. Bd2 1-0

[Event "Tula Region-ch op"]
[Site "Tula"]
[Date "2008.08.06"]
[Round "6"]
[White "Sadovsky, Artem"]
[Black "Statsenko, Viktor"]
[Result "0-1"]
[WhiteElo "2056"]
[BlackElo "2204"]
[PlyCount "96"]
[EventDate "2008.08.01"]
[EventType "swiss"]
[EventRounds "9"]
[EventCountry "RUS"]
[SourceTitle "EXT 2022"]
[Source "ChessBase"]
[SourceDate "2021.10.06"]
[SourceVersion "1"]
[SourceVersionDate "2021.10.06"]
[SourceQuality "1"]

1. d4 d5 2. c4 c6 3. Nf3 Nf6 4. Bf4 Bf5 5. e3 e6 6. Nc3 Bb4 7. Qb3 Qa5 8. a3 Bxc3+ 9. bxc3 dxc4 10. Bxc4 b5 11. 0-0 Nbd7 12. Be2 Nd5 13. Ne5 Nxe5 14. Bxe5 f6 15. Bd6 Qxc3 16. Qxc3 Nxc3 17. Bf3 Be4 18. Rac1 Bxf3 19. Rxc3 Bd5 20. a4 Kd7 21. Bg3 Bc4 22. Rb1 a5 23. f3 Rhc8 24. Kf2 Ra7 25. h3 Ba2 26. Rb2 Bc4 27. Rc1 Re8 28. Bh2 f5 29. Be5 g6 30. g3 Rc8 31. f4 Bd5 32. axb5 cxb5 33. Rxc8 Kxc8 34. Rxb5 a4 35. Rb8+ Kd7 36. Rh8 Kc6 37. Rc8+ Kb5 38. Rc5+ Kb6 39. Rc1 a3 40. Bd6 Kb5 41. Rc5+ Ka4 42. Rc3 Bb3 43. Ke1 a2 44. Rc1 Rb7 45. Kd2 Bd5 46. Kc2 Be4+ 47. Kd2 Rb2+ 48. Kc3 Rb1 0-1

[Event "RUS Cup tt"]
[Site "Miass"]
[Date "2007.11.27"]
[Round "10"]
[White "Statsenko, Viktor"]
[Black "Matsenko, Sergei"]
[Result "0-1"]
[WhiteElo "2201"]
[BlackElo "2415"]
[PlyCount "76"]
[EventDate "2007.11.19"]
[EventType "swiss"]
[EventRounds "10"]
[EventCountry "RUS"]
[SourceTitle "CBM 121 Extra"]
[Source "ChessBase"]
[SourceDate "2008.01.10"]
[SourceVersion "1"]
[SourceVersionDate "2008.01.10"]
[SourceQuality "1"]

1. c4 Nf6 2. Nf3 c6 3. d4 d5 4. g3 Bf5 5. Nc3 e6 6. Bg2 h6 7. 0-0 Be7 8. b3 0-0 9. Ne5 Nbd7 10. f4 c5 11. e3 cxd4 12. exd4 Bb4 13. Bb2 Rc8 14. a3 Bxc3 15. Bxc3 Be4 16. Rc1 Bxg2 17. Kxg2 dxc4 18. bxc4 Qc7 19. Qf3 Rfd8 20. Rfd1 Nb6 21. Ba5 Qb8 22. c5 Rd5 23. Bxb6 axb6 24. cxb6 Rd6 25. Rc5 Rxb6 26. Rdc1 Rxc5 27. dxc5 Rb2+ 28. Kh3 Nd5 29. Nc4 Ra2 30. Nd6 Qa7 31. f5 Rxa3 32. Qe4 Re3 33. Qd4 Qa2 34. fxe6 fxe6 35. Rf1 Re2 36. Rh1 Qc2 37. Qg4 g5 38. Qh5 Nf4+ 0-1

[Event "RUS Cup tt"]
[Site "Miass"]
[Date "2007.11.24"]
[Round "7"]
[White "Statsenko, Viktor"]
[Black "Bocharov, Ivan"]
[Result "0-1"]
[WhiteElo "2201"]
[BlackElo "2439"]
[PlyCount "22"]
[EventDate "2007.11.19"]
[EventType "swiss"]
[EventRounds "10"]
[EventCountry "RUS"]
[SourceTitle "CBM 121 Extra"]
[Source "ChessBase"]
[SourceDate "2008.01.10"]
[SourceVersion "1"]
[SourceVersionDate "2008.01.10"]
[SourceQuality "1"]

1. d4 f5 2. h3 d5 3. g4 fxg4 4. hxg4 Bxg4 5. Qd3 Nf6 6. Qb5+ Nc6 7. e3 Rb8 8. c4 a6 9. Qa4 dxc4 10. Bxc4 b5 11. Qxa6 Rb6 0-1

[Event "RUS Central Region-ch"]
[Site "Tula "]
[Date "2007.03.25"]
[Round "9"]
[White "Statsenko, Viktor"]
[Black "Tkachev, Grigory"]
[Result "1-0"]
[WhiteElo "2169"]
[BlackElo "1986"]
[PlyCount "45"]
[EventDate "2007.03.17"]
[EventType "swiss"]
[EventRounds "9"]
[EventCountry "RUS"]
[SourceTitle "EXT 2008"]
[Source "ChessBase"]
[SourceDate "2007.11.25"]
[SourceVersion "1"]
[SourceVersionDate "2007.11.25"]
[SourceQuality "1"]

1. d4 Nf6 2. c4 g6 3. g3 Bg7 4. Bg2 0-0 5. Nf3 d6 6. 0-0 c6 7. Nc3 Nbd7 8. e4 e5 9. h3 Re8 10. Re1 Qe7 11. Be3 exd4 12. Nxd4 Nc5 13. Qc2 a5 14. Rad1 Bd7 15. Bf4 Rad8 16. b3 Ne6 17. Nf5 gxf5 18. Bxd6 Qxd6 19. Rxd6 Bf8 20. Rdd1 Bb4 21. exf5 Ng7 22. Rxe8+ Rxe8 23. Ne4 1-0

[Event "RUS Central Region-ch"]
[Site "Tula "]
[Date "2007.03.18"]
[Round "2"]
[White "Olenin, Nikolay"]
[Black "Statsenko, Viktor"]
[Result "1-0"]
[WhiteElo "2394"]
[BlackElo "2169"]
[PlyCount "78"]
[EventDate "2007.03.17"]
[EventType "swiss"]
[EventRounds "9"]
[EventCountry "RUS"]
[SourceTitle "EXT 2008"]
[Source "ChessBase"]
[SourceDate "2007.11.25"]
[SourceVersion "1"]
[SourceVersionDate "2007.11.25"]
[SourceQuality "1"]

1. e4 c5 2. Nf3 d6 3. d4 cxd4 4. Nxd4 Nf6 5. Nc3 a6 6. Be2 e5 7. Nf3 h6 8. 0-0 Be6 9. a4 Be7 10. b3 Qc7 11. Bb2 0-0 12. Re1 Nbd7 13. Nd2 Rac8 14. Nf1 Rfd8 15. Ne3 Nf8 16. a5 Ng6 17. Ncd5 Bxd5 18. exd5 Nf4 19. Bf1 g6 20. g3 N4h5 21. c4 Ng7 22. f4 exf4 23. gxf4 Nfh5 24. Bh3 Rb8 25. Bg4 Bh4 26. Re2 Re8 27. Bxh5 Nxh5 28. Kh1 Re4 29. Ng2 Qe7 30. Rxe4 Qxe4 31. Qd2 Re8 32. Kg1 Qe2 33. Qxe2 Rxe2 34. Ba3 Bf2+ 35. Kf1 Rd2 36. Bb4 Rb2 37. Bxd6 Bd4 38. Rd1 Rf2+ 39. Ke1 Ba7 1-0

[Event "RUS Central Region-ch"]
[Site "Tula "]
[Date "2007.03.17"]
[Round "1"]
[White "Statsenko, Viktor"]
[Black "Skurikhin, Dmitrij"]
[Result "1/2-1/2"]
[WhiteElo "2169"]
[BlackElo "2401"]
[PlyCount "46"]
[EventDate "2007.03.17"]
[EventType "swiss"]
[EventRounds "9"]
[EventCountry "RUS"]
[SourceTitle "EXT 2008"]
[Source "ChessBase"]
[SourceDate "2007.11.25"]
[SourceVersion "1"]
[SourceVersionDate "2007.11.25"]
[SourceQuality "1"]

1. d4 d5 2. Nf3 Nf6 3. g3 Bf5 4. c4 c6 5. Nc3 e6 6. Bg2 Be7 7. 0-0 h6 8. Ne5 Nbd7 9. f4 0-0 10. Kh1 Bb4 11. Qb3 Qa5 12. Nxd7 Nxd7 13. e4 dxe4 14. Nxe4 Rab8 15. Qf3 Bxe4 16. Qxe4 Bd2 17. f5 Rfe8 18. Bh3 exf5 19. Qxf5 Qxf5 20. Bxf5 Bxc1 21. Raxc1 Nf6 22. Rfe1 Rbd8 23. Rcd1 Kf8 1/2-1/2

[Event "Elista Chess Master 6th "]
[Site "Elista"]
[Date "2006.06.17"]
[Round "11"]
[White "Zemlyansky, Dmitri"]
[Black "Statsenko, Viktor"]
[Result "1-0"]
[WhiteElo "2252"]
[BlackElo "2141"]
[PlyCount "57"]
[EventDate "2006.06.10"]
[EventType "tourn"]
[EventRounds "11"]
[EventCountry "RUS"]
[SourceTitle "EXT 2008"]
[Source "ChessBase"]
[SourceDate "2007.11.25"]
[SourceVersion "1"]
[SourceVersionDate "2007.11.25"]
[SourceQuality "1"]

1. e4 e6 2. d4 d5 3. Nc3 Nf6 4. Bg5 dxe4 5. Nxe4 Be7 6. Bxf6 gxf6 7. Nf3 f5 8. Nc3 Bf6 9. Qd2 c5 10. 0-0-0 cxd4 11. Nxd4 Bxd4 12. Bb5+ Nc6 13. Bxc6+ bxc6 14. Qxd4 Qxd4 15. Rxd4 Rg8 16. g3 Rg4 17. Rd6 Rc4 18. Rhd1 Ke7 19. Rd8 Kf6 20. Rh8 Bb7 21. Rxa8 Bxa8 22. Rd7 c5 23. Rxa7 Bf3 24. Rc7 h5 25. Kd2 h4 26. a3 hxg3 27. hxg3 Bh5 28. Rc8 Kg5 29. a4 1-0

[Event "Elista Chess Master 6th "]
[Site "Elista"]
[Date "2006.06.14"]
[Round "7"]
[White "Erendzhenov, Stanislav"]
[Black "Statsenko, Viktor"]
[Result "1-0"]
[WhiteElo "2366"]
[BlackElo "2141"]
[PlyCount "67"]
[EventDate "2006.06.10"]
[EventType "tourn"]
[EventRounds "11"]
[EventCountry "RUS"]
[SourceTitle "EXT 2008"]
[Source "ChessBase"]
[SourceDate "2007.11.25"]
[SourceVersion "1"]
[SourceVersionDate "2007.11.25"]
[SourceQuality "1"]

1. e4 e6 2. d3 d5 3. Nd2 Nf6 4. Ngf3 dxe4 5. dxe4 Bc5 6. Bd3 Nc6 7. 0-0 0-0 8. e5 Nd7 9. Qe2 Re8 10. Ne4 h6 11. Bf4 Qe7 12. c3 Qf8 13. Rad1 Be7 14. Bc2 g5 15. Bg3 Qg7 16. Ba4 Rd8 17. Nf6+ Nxf6 18. exf6 Bxf6 19. Bxc7 Rd7 20. Bg3 g4 21. Bxc6 Rxd1 22. Rxd1 bxc6 23. Ne5 h5 24. Nxc6 Bb7 25. Na5 h4 26. Nxb7 hxg3 27. hxg3 Qg5 28. Nd6 Qh5 29. Ne4 Bg7 30. Rd7 a5 31. Qd2 Kh7 32. Rxf7 Kg6 33. Qd7 Qe5 34. Rf4 1-0

[Event "Elista Chess Master 6th "]
[Site "Elista"]
[Date "2006.06.13"]
[Round "6"]
[White "Statsenko, Viktor"]
[Black "Yandarbiev, Ruslan"]
[Result "0-1"]
[WhiteElo "2141"]
[BlackElo "2414"]
[PlyCount "82"]
[EventDate "2006.06.10"]
[EventType "tourn"]
[EventRounds "11"]
[EventCountry "RUS"]
[SourceTitle "EXT 2008"]
[Source "ChessBase"]
[SourceDate "2007.11.25"]
[SourceVersion "1"]
[SourceVersionDate "2007.11.25"]
[SourceQuality "1"]

1. Nf3 Nf6 2. g3 b6 3. Bg2 Bb7 4. 0-0 g6 5. d3 Bg7 6. Nc3 0-0 7. e4 d6 8. Bd2 c5 9. Ne1 Nc6 10. Ne2 d5 11. exd5 Nxd5 12. c3 Qd7 13. Qa4 Rad8 14. Qh4 e5 15. Rd1 Nde7 16. g4 f6 17. Ng3 Nd5 18. Ne2 g5 19. Qh5 Nf4 20. Bxf4 exf4 21. Be4 h6 22. Nf3 Ne7 23. Nd2 Bc8 24. h3 Qe6 25. c4 Bd7 26. Rfe1 Qd6 27. Bg6 Nxg6 28. Qxg6 Be8 29. Qf5 Qd7 30. Qxd7 Rxd7 31. Ne4 f5 32. N4c3 fxg4 33. hxg4 Bg6 34. Nd5 Bxb2 35. Rd2 Bg7 36. d4 f3 37. dxc5 bxc5 38. Nf6+ Bxf6 39. Rxd7 Re8 40. Kf1 fxe2+ 41. Rxe2 Rxe2 0-1

[Event "Tula Region-ch sf"]
[Site "Tula "]
[Date "2006.??.??"]
[Round "5"]
[White "Statsenko, Viktor"]
[Black "Smirnov, Alexander"]
[Result "0-1"]
[WhiteElo "2141"]
[BlackElo "2239"]
[PlyCount "74"]
[EventDate "2006.??.??"]
[EventType "swiss"]
[EventRounds "9"]
[EventCountry "RUS"]
[SourceTitle "EXT 2008"]
[Source "ChessBase"]
[SourceDate "2007.11.25"]
[SourceVersion "1"]
[SourceVersionDate "2007.11.25"]
[SourceQuality "1"]

1. Nf3 d5 2. g3 Nf6 3. Bg2 c6 4. c4 g6 5. d4 Bg7 6. 0-0 0-0 7. cxd5 Nxd5 8. e4 Nb6 9. h3 Na6 10. Nc3 c5 11. d5 e5 12. Qe2 Bd7 13. Nd2 Qc8 14. Kh2 f5 15. exf5 gxf5 16. Nc4 Nxc4 17. Qxc4 Kh8 18. Bg5 Qe8 19. Qh4 Nb4 20. Be7 Nd3 21. Bxf8 Qxf8 22. Qc4 e4 23. f3 b5 24. Nxb5 Rb8 25. a4 a6 26. Nc7 Qd6 27. Nxa6 Ne5 28. Qxc5 Qxa6 29. fxe4 fxe4 30. Bxe4 Qe2+ 31. Rf2 Qxe4 32. Raf1 Rg8 33. Rf4 Qg6 34. Qe7 Qxg3+ 35. Kxg3 Bf6+ 36. Rg4 Rxg4+ 37. hxg4 Bxe7 0-1

[Event "Tula Region-ch sf"]
[Site "Tula "]
[Date "2006.??.??"]
[Round "4"]
[White "Tanaev, Viktor"]
[Black "Statsenko, Viktor"]
[Result "0-1"]
[WhiteElo "2087"]
[BlackElo "2141"]
[PlyCount "42"]
[EventDate "2006.??.??"]
[EventType "swiss"]
[EventRounds "9"]
[EventCountry "RUS"]
[SourceTitle "EXT 2008"]
[Source "ChessBase"]
[SourceDate "2007.11.25"]
[SourceVersion "1"]
[SourceVersionDate "2007.11.25"]
[SourceQuality "1"]

1. e4 c5 2. Nf3 Nc6 3. d4 cxd4 4. Nxd4 Nf6 5. Nxc6 bxc6 6. Nc3 e5 7. Be2 Bb4 8. Bg5 Bxc3+ 9. bxc3 Qa5 10. Bd3 Qxc3+ 11. Bd2 Qc5 12. 0-0 0-0 13. Bg5 Qe7 14. f4 exf4 15. Rxf4 Qc5+ 16. Kh1 Qxg5 17. Rf5 Qg4 18. Qf1 d6 19. h3 Qg3 20. Rxf6 gxf6 21. Qxf6 Qg6 0-1

[Event "Russia CC op"]
[Site "Tula"]
[Date "2002.??.??"]
[Round "3"]
[White "Zaitsev, Alexander"]
[Black "Statsenko, Viktor"]
[Result "1-0"]
[WhiteElo "2355"]
[BlackElo "2106"]
[PlyCount "73"]
[EventDate "2002.??.??"]
[EventType "swiss"]
[EventRounds "9"]
[EventCountry "RUS"]
[SourceTitle "EXT 2010"]
[Source "ChessBase"]
[SourceDate "2010.11.25"]
[SourceVersion "1"]
[SourceVersionDate "2010.11.25"]
[SourceQuality "1"]

1. e4 c5 2. Nf3 Nc6 3. d4 cxd4 4. Nxd4 Nf6 5. Nc3 e5 6. Ndb5 d6 7. Bg5 a6 8. Na3 b5 9. Bxf6 gxf6 10. Nd5 f5 11. c3 Bg7 12. Bd3 Be6 13. 0-0 Bxd5 14. exd5 Ne7 15. Qh5 e4 16. Bc2 0-0 17. Rae1 Qd7 18. f3 b4 19. cxb4 Bxb2 20. fxe4 fxe4 21. Rxe4 f5 22. Rh4 Ng6 23. Rh3 Rae8 24. Nc4 Bd4+ 25. Kh1 Re7 26. Rhf3 Qc7 27. Bd3 f4 28. Qg5 Rg7 29. Qh6 Rf6 30. Qh5 Re7 31. Rh3 Ref7 32. Qd1 Be5 33. Na5 Qb6 34. Nc6 Nf8 35. a4 Rg7 36. a5 Qb7 37. Be4 1-0